W której dzielnicy znajduje się? - Kraków - Statystyki

Ogólne statystyki
  • Ten quiz został rozwiązany 70 razy
    43 od ostatniego zresetowania
  • Średni wynik to 8 z 18
Statystyki odpowiedzi
W której dzielnicy znajduje się: Dzielnica % Poprawnych
Pętla tramwajowa "Os. Piastów" Mistrzejowice
85%
Kopiec Wandy Nowa Huta
73%
Ikea Prądnik Biały
73%
Muzeum Lotnictwa Polskiego Czyżyny
64%
Miasteczko Studenckie AGH Krowodrza
61%
Giełda Balicka Bronowice
55%
Stadion Wieczystej Kraków Prądnik Czerwony
52%
Stacja kolejowa Kraków Opatkowice Swoszowice
48%
Cmentarz Grębałów Wzgórza Krzesławickie
48%
Centrum Handlowe Bonarka Podgórze Duchackie
45%
Jaskinia Twardowskiego Dębniki
42%
Hala Targowa Grzegórzki
42%
Skwer Praw Kobiet Stare Miasto
39%
Rondo Generała Maczka Bieńczyce
27%
Willa Decjusza Zwierzyniec
27%
Białe Morza Łagiewniki-Borek Fałęcki
24%
Sanktuarium Świętego Józefa Podgórze
24%
Park Lilli Wenedy Bieżanów-Prokocim
15%
Nie znaleziono quizów pasujących do podanych kryteriów
Rozkład punktacji
Procent ludzi z każdym wynikiem
Percentyl według liczby udzielonych odpowiedzi
Twoja historia wyników
Nie rozwiązałeś tego quizu od ostatniego zresetowania